Ekonomický vývoj v juhovýchodnej Ázii a jeho dopad na svetové hospodárstvo dizertačná práca

Salvato in:
Dettagli Bibliografici
Autore principale: Líner, Martin
Ente Autore: Ekonomická univerzita v Bratislave. Obchodná fakulta
Altri autori: Baláž, Peter
Natura: Libro
Lingua:slovacco
Pubblicazione: Bratislava 2004
Soggetti:
Tags: Aggiungi Tag
Nessun Tag, puoi essere il primo ad aggiungerne!!

MARC

LEADER 00000nam$a2200000$$$4500
001 0179365
005 20240104094846.6
041 0 |a slo 
044 |a SK 
245 1 0 |a Ekonomický vývoj v juhovýchodnej Ázii a jeho dopad na svetové hospodárstvo  |b dizertačná práca  |c Martin Líner ; školiteľ: Peter Baláž 
264 1 |a Bratislava  |c 2004 
300 |a 141 s. 
610 2 0 |a vývoj hospodársky 
610 2 0 |a juhovýchodná Ázia 
610 2 0 |a hospodárstvo svetové 
610 2 0 |a obchod medzinárodný 
610 2 0 |a Južná Kórea 
610 2 0 |a Malajzia 
610 2 0 |a Thajsko 
610 2 0 |a kríza finančná 
610 2 0 |a politika zahraničnoobchodná 
100 1 |a Líner, Martin 
700 1 |a Baláž, Peter 
710 2 |a Ekonomická univerzita v Bratislave. Obchodná fakulta